<?xml version="1.0" encoding="UTF-8"?>
<record
    xmlns:xsi="http://www.w3.org/2001/XMLSchema-instance"
    xsi:schemaLocation="http://www.loc.gov/MARC21/slim http://www.loc.gov/standards/marcxml/schema/MARC21slim.xsd"
    xmlns="http://www.loc.gov/MARC21/slim">

  <leader>03214nam a2200553Ia 4500</leader>
  <controlfield tag="001">680</controlfield>
  <controlfield tag="008">241029s9999    xx            000 0 und d</controlfield>
  <datafield tag="010" ind1=" " ind2=" ">
    <subfield code="a">615</subfield>
  </datafield>
  <datafield tag="041" ind1=" " ind2=" ">
    <subfield code="a">Espa&#xF1;ol</subfield>
  </datafield>
  <datafield tag="082" ind1=" " ind2=" ">
    <subfield code="a">NO APLICA</subfield>
  </datafield>
  <datafield tag="245" ind1=" " ind2="0">
    <subfield code="a">Impacto de la maestr&#xED;a de ense&#xF1;anza superior en el desempe&#xF1;o profesional y laboral de los egresados de la promoci&#xF3;n 2005-2007 del Centro Universitario Regional del Nordeste (CURNE)</subfield>
  </datafield>
  <datafield tag="260" ind1=" " ind2=" ">
    <subfield code="a">Duarte</subfield>
  </datafield>
  <datafield tag="300" ind1=" " ind2=" ">
    <subfield code="a">80</subfield>
  </datafield>
  <datafield tag="520" ind1=" " ind2=" ">
    <subfield code="a">29</subfield>
  </datafield>
  <datafield tag="630" ind1=" " ind2=" ">
    <subfield code="a">Competencias</subfield>
  </datafield>
  <datafield tag="630" ind1=" " ind2=" ">
    <subfield code="a">Desempe&#xF1;o Profesional</subfield>
  </datafield>
  <datafield tag="630" ind1=" " ind2=" ">
    <subfield code="a">Egresados</subfield>
  </datafield>
  <datafield tag="650" ind1=" " ind2=" ">
    <subfield code="a">Calidad Docente</subfield>
  </datafield>
  <datafield tag="690" ind1=" " ind2=" ">
    <subfield code="a">Elaborado</subfield>
  </datafield>
  <datafield tag="700" ind1=" " ind2=" ">
    <subfield code="e">asesor</subfield>
    <subfield code="a">Bello, Maria Filomena</subfield>
  </datafield>
  <datafield tag="700" ind1=" " ind2=" ">
    <subfield code="e">autor</subfield>
    <subfield code="a">Mendoza Guzman, Wanda Mercedes</subfield>
  </datafield>
  <datafield tag="700" ind1=" " ind2=" ">
    <subfield code="e">autor</subfield>
    <subfield code="a">Almanzar Hernandez, Ingrid</subfield>
  </datafield>
  <datafield tag="901" ind1=" " ind2=" ">
    <subfield code="a">{"1":"Mendoza Guzman","2":"Almanzar Hernandez"}</subfield>
    <subfield code="b">{"1":"Wanda Mercedes","2":"Ingrid"}</subfield>
  </datafield>
  <datafield tag="902" ind1=" " ind2=" ">
    <subfield code="a">1</subfield>
  </datafield>
  <datafield tag="903" ind1=" " ind2=" ">
    <subfield code="a">{"1":"Bello"}</subfield>
    <subfield code="b">{"1":"Maria Filomena"}</subfield>
  </datafield>
  <datafield tag="904" ind1=" " ind2=" ">
    <subfield code="a">Maestr&#xED;a en</subfield>
  </datafield>
  <datafield tag="905" ind1=" " ind2=" ">
    <subfield code="a">Ense&#xF1;anza Superior</subfield>
  </datafield>
  <datafield tag="906" ind1=" " ind2=" ">
    <subfield code="a">2</subfield>
  </datafield>
  <datafield tag="907" ind1=" " ind2=" ">
    <subfield code="a">NO APLICA</subfield>
  </datafield>
  <datafield tag="908" ind1=" " ind2=" ">
    <subfield code="a">NO APLICA</subfield>
  </datafield>
  <datafield tag="909" ind1=" " ind2=" ">
    <subfield code="a">Universidad Aut&#xF3;noma de Santo Domingo (UASD)</subfield>
  </datafield>
  <datafield tag="910" ind1=" " ind2=" ">
    <subfield code="a">NULL</subfield>
    <subfield code="b">NULL</subfield>
  </datafield>
  <datafield tag="911" ind1=" " ind2=" ">
    <subfield code="a">["1"]</subfield>
  </datafield>
  <datafield tag="912" ind1=" " ind2=" ">
    <subfield code="a">NO APLICA</subfield>
  </datafield>
  <datafield tag="913" ind1=" " ind2=" ">
    <subfield code="a">NULL</subfield>
  </datafield>
  <datafield tag="914" ind1=" " ind2=" ">
    <subfield code="a">01 de Mayo de 2012</subfield>
  </datafield>
  <datafield tag="915" ind1=" " ind2=" ">
    <subfield code="a">19/07/15 12:07</subfield>
  </datafield>
  <datafield tag="916" ind1=" " ind2=" ">
    <subfield code="a">NULL</subfield>
  </datafield>
  <datafield tag="917" ind1=" " ind2=" ">
    <subfield code="a">NULL</subfield>
  </datafield>
  <datafield tag="918" ind1=" " ind2=" ">
    <subfield code="a">NO APLICA</subfield>
  </datafield>
  <datafield tag="919" ind1=" " ind2=" ">
    <subfield code="a">["40","63","85"]</subfield>
  </datafield>
  <datafield tag="520" ind1=" " ind2=" ">
    <subfield code="a">La investigaci&#xF3;n propuso como objetivo general determinar el impacto &#xA0;Maestr&#xED;a de Ense&#xF1;anza Superior en el Desempe&#xF1;o Profesional y Laboral de los Egresados de la Promoci&#xF3;n 2005-2007 del Centro Universitario Regional del Nordeste (CURNE). Para lograr este objetivo se propuso tambi&#xE9;n identificar el nivel de desempe&#xF1;o antes y despu&#xE9;s de realizar la maestr&#xED;a en ense&#xF1;anza superior.&#xA0;El tipo de metodolog&#xED;a utilizada &#xA0;fue de corte descriptivo. La poblaci&#xF3;n estuvo compuesta por 40 maestrantes de la Maestr&#xED;a de Ense&#xF1;anza Superior Egresados de la Promoci&#xF3;n 2005-2007 del Centro Universitario Regional del Nordeste (CURNE). Se trabaj&#xF3; con una muestra de 21 de estos y los empleadores de estos. Para la recolecci&#xF3;n de los datos se utiliz&#xF3; la t&#xE9;cnica de la entrevista y cuestionarios.&#xA0;Dentro de los principales hallazgos la investigaci&#xF3;n deja evidenciado que los egresados de la maestr&#xED;a si desarrollaron competencias como fruto de cursar la maestr&#xED;a. &#xA0;Tambi&#xE9;n se muestra que los egresados tuvieron mayores oportunidades de empleo y altos conocimientos luego de cursar la maestr&#xED;a, ya que elevaron sus conocimientos y sus curr&#xED;culos a sobremanera. En cuanto al desempe&#xF1;o laboral y profesional, impacto significativamente en el mismo contribuyendo a competencias como: evaluaci&#xF3;n, did&#xE1;ctica de la ense&#xF1;anza, competencias curriculares, conocimientos en recursos inform&#xE1;ticos entre otras.La investigaci&#xF3;n sugiere a los egresados tomar en cuenta que mejorar el desempe&#xF1;o profesional no solo depende de cursar estudios de cuarto nivel, sino que tambi&#xE9;n depende de la disposici&#xF3;n personal y de factores ligados directamente con la instituci&#xF3;n en la cual labora.</subfield>
  </datafield>
  <datafield tag="921" ind1=" " ind2=" ">
    <subfield code="a">16</subfield>
  </datafield>
  <datafield tag="922" ind1=" " ind2=" ">
    <subfield code="a">16</subfield>
  </datafield>
  <datafield tag="923" ind1=" " ind2=" ">
    <subfield code="a">0</subfield>
  </datafield>
  <datafield tag="924" ind1=" " ind2=" ">
    <subfield code="a">NO APLICA</subfield>
  </datafield>
  <datafield tag="942" ind1=" " ind2=" ">
    <subfield code="c">Tesis</subfield>
  </datafield>
  <datafield tag="999" ind1=" " ind2=" ">
    <subfield code="c">615</subfield>
    <subfield code="d">615</subfield>
  </datafield>
</record>
